Southville International School and Colleges
Your cart is empty.
  • Cart
  • Lists
    Public lists list_1 View all
    Your lists Log in to create your own lists
  • Log in to your account
  • Your cookies
  • Search history
Southville International School and Colleges
  • Advanced search
  • Recent comments
  • Most popular
  • Libraries

Log in to your account

Log in with GOOGLE


If you do not have an external account, but do have a local account, you can still log in:

  1. Home
  2. MARC view: SRA Open court reading L.2Bk.1 /
Normal view MARC view ISBD view

SRA Open court reading L.2Bk.1 / (Record no. 106193)

[ view plain ]
MARC details
000 -LEADER
fixed length control field 00568nam a2200217 a 4500
003 - CONTROL NUMBER IDENTIFIER
control field 0
005 - DATE AND TIME OF LATEST TRANSACTION
control field 20180601104424.0
008 - FIXED-LENGTH DATA ELEMENTS--GENERAL INFORMATION
fixed length control field 100309s19uu xx 00 eng d
020 ## - INTERNATIONAL STANDARD BOOK NUMBER
International Standard Book Number 0-07-602692-2
050 ## - LIBRARY OF CONGRESS CALL NUMBER
Classification number TR(GS 372.4
Item number B35 L.2 2000
050 ## - LIBRARY OF CONGRESS CALL NUMBER
Classification number TR(GS 372.4
Item number B35 2005 bk.19
050 ## - LIBRARY OF CONGRESS CALL NUMBER
Classification number TR(GS 372.4
Item number B35 2005 bk.20
100 ## - MAIN ENTRY--PERSONAL NAME
Personal name Bereiter, Carl
245 ## - TITLE STATEMENT
Title SRA Open court reading L.2Bk.1 /
Statement of responsibility, etc CARL BEREITER.
260 ## - PUBLICATION, DISTRIBUTION, ETC. (IMPRINT)
Place of publication, distribution, etc U.S.A :
Name of publisher, distributor, etc McGRAW-HILL,
Date of publication, distribution, etc 2005.
300 ## - PHYSICAL DESCRIPTION
Extent 374P.
942 ## - ADDED ENTRY ELEMENTS (KOHA)
Source of classification or shelving scheme Dewey Decimal Classification
Koha item type Books
Holdings
Withdrawn status Lost status Source of classification or shelving scheme Damaged status Home library Current library Shelving location Date acquired Source of acquisition Total Checkouts Full call number Barcode Date last seen Price effective from Koha item type
    Dewey Decimal Classification   Elizalde Library Elizalde Library Teachers Reference Section 03/09/2010 Donation   TR(GS 372.4 B35 L.2 2000 E11417 04/12/2014 04/12/2014 Books
        Elizalde Library Elizalde Library Teachers Reference Section 01/03/2011     TR(GS 372.4 B35 2005 bk.19 E10058 04/12/2014 04/12/2014 Books
        Elizalde Library Elizalde Library Teachers Reference Section 01/03/2011     TR(GS 372.4 B35 2005 bk.20 E9284 04/12/2014 04/12/2014 Books

SRA Open court reading L.2Bk.1 /

APA

Bereiter C., . (2005). SRA Open court reading L.2Bk.1. U.S.A: McGRAW-HILL.

Chicago

Bereiter Carl, . 2005. SRA Open court reading L.2Bk.1. U.S.A: McGRAW-HILL.

Harvard

Bereiter C., . (2005). SRA Open court reading L.2Bk.1. U.S.A: McGRAW-HILL.

MLA

Bereiter Carl, . SRA Open court reading L.2Bk.1. U.S.A: McGRAW-HILL. 2005.

  • Place hold
  • Print
  • Cite
  • Add to your cart (remove)
  • Save record
    BIBTEX Dublin Core MARCXML MARC (non-Unicode/MARC-8) MARC (Unicode/UTF-8) MARC (Unicode/UTF-8, Standard) MODS (XML) RIS
  • More searches
    Search for this title in:
    Other Libraries (WorldCat) Other Databases (Google Scholar) Online Stores (Bookfinder.com) Open Library (openlibrary.org)

Exporting to Dublin Core...

SOUTHVILLE LIBRARY

Southville International School and Colleges Library

1281 Tropical Ave. Cor. Luxembourg St., BF Homes International, Las Pinas City

Tel. No. 8256374 / 252358 Loc. 117/146

Powered by Koha